| 000 | 00717nam a2200265 a 4500 | ||
|---|---|---|---|
| 001 | BRCA_7949 | ||
| 005 | 20190320210051.0 | ||
| 008 | 100314s1972----u--a###f##---#000-0#eng-# | ||
| 020 | _a060001634X | ||
| 041 | _aeng | ||
| 044 | _au | ||
| 050 | 4 |
_aQK50 _b.P47 1972 |
|
| 100 | 1 |
_aPerry, Frances _919696 |
|
| 245 | 1 | 0 |
_aFlowers of the world _cFrances Perry ; ilustrated by Leslie Greenwood. |
| 260 |
_aNueva York _bHamlyn Publishing _c1972 |
||
| 300 |
_a320 p. _bil. a color _c33 cm. |
||
| 500 | _a3106 | ||
| 504 | _aBibliografía p. 4 | ||
| 650 | 1 | 4 |
_aFlores _917488 |
| 650 | 1 | 4 |
_aJardinería _919697 |
| 650 | 1 | 4 |
_aBotánica _915603 |
| 700 | 1 |
_aGreenwood, Leslie _eil. _919698 |
|
| 902 | _aGFM | ||
| 942 |
_2lcc _cB |
||
| 999 |
_c7618 _d7618 |
||